书目信息 |
| 题名: |
旅游文学
|
|
| 作者: | 曹济平 , 韩龙瑶 , 吴惠风 编著 | |
| 分册: | ||
| 出版信息: | 南京 东南大学出版社 2007.05 |
|
| 页数: | 200页 | |
| 开本: | 24cm | |
| 丛书名: | ||
| 单 册: | ||
| 中图分类: | I211 | |
| 科图分类: | ||
| 主题词: | 文学--wen xue--中国--作品综合集 | |
| 电子资源: | ||
| ISBN: | 978-7-5641-0729-1 | |
| 000 | 00875nam0 2200253 450 | |
| 001 | 012009351312 | |
| 005 | 20090917112952.81 | |
| 010 | @a978-7-5641-0729-1@dCNY20.00 | |
| 100 | @a20090917d2007 em y0chiy0120 ea | |
| 101 | 0 | @achi |
| 102 | @aCN@b320000 | |
| 105 | @ay z 000zy | |
| 106 | @ar | |
| 200 | 1 | @a旅游文学@Alu you wen xue@f曹济平, 韩龙瑶, 吴惠风编著@Fcao ji ping,han long yao,wu hui feng bian zhu |
| 210 | @a南京@c东南大学出版社@d2007.05 | |
| 215 | @a200页@d24cm | |
| 330 | @a本书精选我国历代旅游文学名篇90余篇,古今胜迹名联30幅。所收诗词曲赋文和对联都有相应的景观简介、内容提要或赏析,注释翔实。 | |
| 606 | 0 | @a文学@Awen xue@y中国@j作品综合集 |
| 690 | @aI211@v4 | |
| 701 | 0 | @a曹济平@Acao ji ping@4编著 |
| 701 | 0 | @a韩龙瑶@Ahan long yao@4编著 |
| 701 | 0 | @a吴惠风@Awu hui feng@4编著 |
| 801 | 0 | @aCN@bQSSK@c20090917 |
| 905 | @b753580-82@dI211@eC124@f3 | |
| 旅游文学/曹济平, 韩龙瑶, 吴惠风编著.-南京:东南大学出版社,2007.05 |
| 200页;24cm |
| ISBN 978-7-5641-0729-1:CNY20.00 |
| 本书精选我国历代旅游文学名篇90余篇,古今胜迹名联30幅。所收诗词曲赋文和对联都有相应的景观简介、内容提要或赏析,注释翔实。 |
| ● |
| 相关链接 |
|
|
|
正题名:旅游文学
索取号:I211/C124
 
预约/预借
| 序号 | 登录号 | 条形码 | 馆藏地/架位号 | 状态 | 备注 |
| 1 | 753580 | 207535808 | 文学库108/108文学库 12排7列5层/ [索取号:I211/C124] | 在馆 | |
| 2 | 753581 | 207535817 | 文学库108/108文学库 12排7列5层/ [索取号:I211/C124] | 在馆 | |
| 3 | 753582 | 207535826 | 文学库108/108文学库 12排7列5层/ [索取号:I211/C124] | 在馆 |